Guess the Album Songs - Fearless (Taylors Version) - Statistics

General Stats
  • This quiz has been taken 56 times
    23 since last reset
  • The average score is 23 of 25
Answer Stats
Answer % Correct
Fearless
100%
Fifteen
100%
Love Story
100%
Mr. Perfectly Fine
100%
White Horse
100%
You Belong With Me
100%
Bye Bye Baby
93%
Forever & Always
93%
Hey Stephen
93%
Today Was A Fairytale
93%
Untouchable
93%
You’re Not Sorry
93%
Breathe
86%
Come In With The Rain
86%
Don’t You
86%
Jump Then Fall
86%
Superstar
86%
Tell Me Why
86%
The Best Day
86%
The Other Side Of The Door
86%
The Way I Loved You
86%
We Were Happy
86%
You All Over Me
86%
Change
79%
That’s When
79%
No matching quizzes found
Score Distribution
Percent of People with Each Score
Percentile by Number Answered
Your Score History
You have not taken this quiz since the last reset